000 01143nam a2200205 i 4500
001 162781
003 ES-MaACL
005 20230906212613.0
008 011025m18271864fr |||| | fre d
040 _aCAM
_bspa
_cCAM
100 1 _aQuérard, J.-M.
_9131537
245 1 3 _aLa France littéraire ou Dictionnaire bibliographique des savants, historiens et gens de lettres de La France, ansi que des littérateurs étrangers qui ont écrit en Français, plus particulièrement pendant les \RXVIIIe\R et \RXIXe\R siècles... /
_cpar J.-M. Quérard.
260 _aParis :
_bchez Firmin Didot, Père et Fils, libraires,
_c1827-1864 (
_fImprimerie Française et Espagnole de Dubuisson et C. : Typographie Maulde et Renou)
300 _a12 v. ;
_c22 cm.
510 4 _aVicaire, Georges. Manuel de l'amateur de livres du XIXe siècle, 1801- 1893,
_cVI, col. 880-881
596 _aEl T. XI impreso en 1854-1857 y el T. XII en 1859-1864.
650 0 4 _aBibliografías nacionales-
_zFrancia.
_9135687
740 0 1 _aDicctionnaire bibliographie des savants,, historiens et gens des lettres de La France.
852 _aES-MaACL
_jB-2340-51
_z-- Enc. pasta
999 _c162781
_d162781